000 01650nam a2200349 a 4500
003 BLK
005 20231016154602.0
008 180410b bul|||||r ||||||| ||bul||
020 _a9786199061435
040 _aBLK
041 _aBUL
_cBUL
080 _aФотографии според формата, големината и др. аспекти
_b77.06
_z77.06
100 1 _aТрейман, Николай Емануилов
_9131167
245 1 0 _aРазговори за фотографското изкуство
_cНиколай Трейман, Цочо Бояджиев ; предг. Еми Барух.
257 _aBGR
260 _aСофия
_bФонд. Фотофабрика
_c2021
_9221646
_n978-619-90614-
_f([София] : Спектър)
300 _a228 с.
_c23 см
380 _aX
500 _aДуми на фокус / Еми Барух: с. 5-7. - Биогр. данни за авт. отбелязани на гърба на кор. - Кн. от поредицата Думи на фокус
650 7 _9175953
_aФотография
653 _9199488
_aфотография
700 _aБояджиев, Цочо Христов
_d1951-
_eсъавт.
_9390210
700 1 _936857
_aБарух, Еми Бохор
_eпредг.
852 _a77/Т 81 Н
_bИП
852 _aЦб 318461
_bЦб
856 4 _qpdf
_i0.00
_ldisable
942 _cKNG
_n0
_s1
944 _aCR
_c2023-03-23
_k30556
_lТеодора Пейчева-Дянкова
944 _aED
_c2023-07-06
_kРенета Константинова
999 _c489960
_d489960
999 _d489960